000 00395nam a22001457a 4500
082 _a526.9
_bKIS
110 _aPhilip, Kissam C.E
_939645
245 _aSurveying Practice
_c Kissam C.E, Philip
250 _a2nd
260 _aLondon
_bMcgraw-Hill Book Company
_c1966
300 _ap482. :
_bill. ;
_c10 cm.
526 _a0
_b0
_c0
_d526_900000000000000_KIS
650 _aMCE
_9379
942 _2ddc
_cBK
999 _c544099
_d544099